| 000 | 00447nam a2200121Ia 4500 | ||
|---|---|---|---|
| 008 | 171212s9999 xx 000 0 und d | ||
| 020 | _a9780874216356 | ||
| 245 |
_ceditor Crumbley, Paul;Gantt, Patricia M _aBody My House _bMay Swenson's Work and Life |
||
| 260 |
_bUniversity Press of Colorado _c2006 |
||
| 650 | _aLanguage & Literature | ||
| 650 | _aSwenson, May -- Criticism and interpretation | ||
| 856 | _uwww.jstor.org/stable/10.2307/j.ctt4cgmvd | ||
| 999 |
_c353038 _d353038 |
||